000 00176 a2200097 4500
020 _a156492078x
041 _aspa
100 _aBell, Clarisa
245 _aEl circo
942 _cBK
999 _c30868
_d30866